1777 1283 1243 1051 1865 1534 1494 1988 1389 1379 1238 1027 1666 1422 1881 1029 1841 1374 1382 1650 1636 1934 1314 1421 1636 1789 1731 1432 1535 1071 1587 1072 1413 1512 1872 1041 1347 1638 1897 1365 1859 1406 1970 1985 1694 1920 1156 1709 1438 1365 1383 1817 1382 1392 1514 1811 1911 1961 1055 1385 1001 1029 1296 1729 1959 1044 1501 1072 1316 1162 1220 1202 1190 1011 1108 1996 1700 1268 1763 1732 1090 1062 1637 1474 1599 1784 1610 1951 1149 1046 1357 1366 1065 1053 1631 1549 1561 1312 1747 BCNSPRNW ULIB Ver.6.0+V

เปลี่ยนเป็นภาษาไทย

Change to English
 แสดงรายละเอียดบรรณานุกรม
  กลับหน้าหลัก

Brief Record : Get Marc (ISO 2709) : E-mail record : QR code < ปิดหน้าต่าง
LEADER : 00000nam 2200000uu 4500
001    13399111824
003     ULIB
008    110708s2548||||th 000 0 tha d
020    9749916433
050  4 DS571^bธ684ท 2548
100 0  ธีรภาพ โลหิตกุล
245 10 เที่ยวไทย...กำไรจัง /^cธีรภาพ โลหิตกุล
250    พิมพ์รวมเล่มครั้งที่ 1
260    กรุงเทพฯ :^bแพรวสำนักพิมพ์,^c2548
300    365 หน้า :^bภาพประกอบ (สีบางภาพ) ;^c21 ซม.
490 1  สารคดีท่องเที่ยว ;^vลำดับที่ 35
651  7 ไทย^xความเป็นอยู่และประเพณี
651  7 ไทย^xภูมิประเทศและการท่องเที่ยว
945    ^p255^l0^i018971
995    ทศพร
999 ^a ใช้งานได้ทุกระบบ
รายการนี้ยังไม่มีแท็ก
คุณยังไม่ได้ล็อกอิน คุณสามารถมีกิจกรรมร่วมกับเว็บไซต์ได้ แต่ต้องล็อกอินก่อน ::
  ล็อกอิน

รายการสื่อสารสนเทศ

ลำดับที่ ประเภท เลขเรียก/บาร์โค้ด สถานที่ สถานะ
- ไม่พบข้อมูล -

รายการใกล้เคียง
    ผู้แต่ง [ธีรภาพ โลหิตกุล]

BibComment


ยังไม่เคยถูกคอมเมนท์

คอมเมนท์ทรัพยากรรายการนี้
  คอมเมนท์: เที่ยวไทยกำไรจัง ..


 Copyright 2026. Bcnsprnw @Library